[Event "GM Augsburg"]
[Site "?"]
[Date "2018.01.03"]
[Round "?"]
[White "Strugnell, C."]
[Black "Fedorovsky, M."]
[Result "1-0"]
[WhiteElo "2305"]
[BlackElo "2487"]
[PlyCount "83"]

1. e4 e5 2. Nf3 Nc6 3. Bb5 a6 4. Ba4 Nf6 5. O-O b5 6. Bb3 Bc5 7. a4 Rb8 8. c3
d6 9. d4 Bb6 10. Na3 O-O 11. axb5 axb5 12. Nxb5 Bg4 13. Re1 Bxf3 14. gxf3 Nh5
15. Be3 Qf6 16. Kh1 exd4 17. cxd4 Ba5 18. Bd5 Bxe1 19. Bxc6 d5 20. Rc1 Ba5 21.
b4 Bxb4 22. Nxc7 dxe4 23. fxe4 Qh4 24. e5 Rbc8 25. Bb7 Rcd8 26. Bf3 Nf4 27. Rc4
Ba5 28. d5 Bxc7 29. Rxc7 Ng6 30. Qa1 Ra8 31. Qc3 Qh3 32. Bg2 Qh5 33. h3 Nxe5
34. Bd4 Rfe8 35. f4 Ng6 36. d6 Qd1+ 37. Kh2 Ra2 38. d7 Rxg2+ 39. Kxg2 Nxf4+ 40.
Kg3 Ne2+ 41. Kh2 Rf8 42. Rc8 1-0

[Event "GM Augsburg"]
[Site "?"]
[Date "2018.01.04"]
[Round "?"]
[White "Strugnell, C."]
[Black "Rozentalis, E."]
[Result "1/2-1/2"]
[WhiteElo "2305"]
[BlackElo "2527"]
[PlyCount "84"]

1. e4 c6 2. d4 d5 3. e5 c5 4. dxc5 Nc6 5. a3 Nxe5 6. b4 g6 7. Bb5+ Bd7 8. Qxd5
Bxb5 9. Qxe5 Nf6 10. Bb2 Bg7 11. Nc3 Bc6 12. Nf3 O-O 13. Rd1 Qc8 14. Qe3 Ng4
15. Qe2 Qf5 16. h3 Bxf3 17. Qxf3 Qxf3 18. gxf3 Ne5 19. Nd5 Nxf3+ 20. Ke2 Bxb2
21. Nxe7+ Kg7 22. Kxf3 Bxa3 23. c3 a5 24. Rb1 Rfd8 25. Rb3 Rd3+ 26. Ke4 Rd7 27.
Rxa3 Re8 28. Rxa5 Rexe7+ 29. Kf3 Rd3+ 30. Kg2 Rxc3 31. Rb1 h5 32. Rb2 h4 33.
Rb5 f5 34. Rb6 f4 35. f3 Kh6 36. Rd2 Rc1 37. Rf6 Kg5 38. Rf8 Rb1 39. Rg8 Rxb4
40. Rd6 Kf5 41. Rgxg6 Rb2+ 42. Kf1 Rb1+ 1/2-1/2

[Event "4NCL 3 South pool A"]
[Site "Reading, ENG"]
[Date "2018.01.13"]
[Round "3.11"]
[White "Brown, Thomas"]
[Black "Willmoth, Robert F"]
[Result "1/2-1/2"]
[WhiteElo "2064"]
[BlackElo "2267"]
[PlyCount "92"]
[EventDate "2018.03.24"]

1. d4 d6 2. c4 e5 3. d5 Be7 4. Nc3 c5 5. Qc2 Nf6 6. e4 O-O 7. Bd3 Nbd7 8. Nge2
Ne8 9. Nd1 g6 10. h3 Ng7 11. g4 a6 12. Bd2 Rb8 13. Nec3 Bh4 14. Rg1 Bg5 15. Ne3
Nf6 16. O-O-O Bd7 17. Ng2 Bxd2+ 18. Qxd2 b5 19. Qg5 bxc4 20. Bxc4 Bb5 21. Bd3
Bxd3 22. Rxd3 Rb4 23. Re1 Nd7 24. Qxd8 Rxd8 25. h4 c4 26. Rd2 Nc5 27. Ree2 Rdb8
28. Kb1 f5 29. gxf5 gxf5 30. a3 Rb3 31. Ka2 Nd3 32. Rc2 fxe4 33. Ne3 Nc5 34.
Nb1 Rd3 35. Rxc4 Ne8 36. Nc3 Nf6 37. b4 Nb7 38. Nxe4 Nxe4 39. Rxe4 Rc8 40. Rc4
Rxc4 41. Nxc4 Rxd5 42. Rd2 Rxd2+ 43. Nxd2 Kf7 44. Kb3 Ke6 45. Kc4 d5+ 46. Kd3
a5 1/2-1/2

[Event "WSTT 50+"]
[Site "?"]
[Date "2018.07.07"]
[Round "1.3"]
[White "Fletcher, John T"]
[Black "Jhunjhnulawa, Ramesh"]
[Result "1-0"]
[WhiteElo "1943"]
[BlackElo "2260"]
[PlyCount "63"]
[EventDate "2018.??.??"]

1. d4 d5 2. e4 dxe4 3. Nc3 Nf6 4. f3 exf3 5. Nxf3 Bg4 6. h3 Bh5 7. g4 Bg6 8.
Ne5 Nbd7 9. Nxg6 hxg6 10. g5 Nh5 11. Qf3 c6 12. Bc4 e6 13. Rf1 Qe7 14. Be3 Nb6
15. Bb3 Qc7 16. Ne4 O-O-O 17. Qxf7 Qxf7 18. Rxf7 Nd5 19. Bd2 Rd7 20. Rf3 Bd6
21. Nxd6+ Rxd6 22. O-O-O Re8 23. c4 Ne7 24. Bb4 Rd7 25. Bxe7 Rexe7 26. Bc2 e5
27. Bxg6 Nf4 28. Bf5 Ne6 29. d5 Nxg5 30. Rg3 Nf7 31. dxc6 bxc6 32. Rxd7 1-0

[Event "15th South Wales Int 2018"]
[Site "Cardiff WLS"]
[Date "2018.07.09"]
[Round "5.14"]
[White "Jukes, Sam"]
[Black "Dambrauskas, V."]
[Result "1/2-1/2"]
[WhiteElo "1853"]
[BlackElo "2301"]
[PlyCount "92"]
[EventDate "2018.07.07"]

1. e4 c5 2. Nf3 e6 3. d3 Nc6 4. g3 b5 5. Bg2 Bb7 6. O-O Be7 7. c3 Nf6 8. Nbd2
d5 9. Qe2 b4 10. e5 Nd7 11. Re1 bxc3 12. bxc3 Qa5 13. Nb3 Qa4 14. Bf4 Nb6 15.
h4 c4 16. Nbd4 cxd3 17. Qxd3 Ba6 18. Qd1 Qxd1 19. Rexd1 Nxd4 20. cxd4 h6 21.
Bf1 Bxf1 22. Kxf1 Kd7 23. a4 Rab8 24. Ke2 Rhc8 25. Rdc1 Rxc1 26. Bxc1 Nc4 27.
Nd2 Na5 28. Ba3 Bxa3 29. Rxa3 Rb2 30. Rf3 f5 31. exf6 gxf6 32. Ke1 Ke7 33. Rc3
Kd6 34. Rc8 Nc6 35. Rh8 Nxd4 36. Rxh6 Ra2 37. f3 f5 38. g4 fxg4 39. fxg4 Rxa4
40. Rg6 Ke5 41. h5 Kf4 42. h6 Ra1+ 43. Kf2 Ra2 44. Ke1 Ra1+ 45. Kf2 Ra2 46. Ke1
Ra1+ 1/2-1/2

[Event "London Classic Open 2018"]
[Site "London ENG"]
[Date "2018.12.09"]
[Round "1.54"]
[White "Dauletova, G."]
[Black "Jukes, Sam"]
[Result "1/2-1/2"]
[WhiteElo "2261"]
[BlackElo "1888"]
[PlyCount "58"]
[EventDate "2018.12.09"]

1. e4 e5 2. Nf3 Nc6 3. Bb5 a6 4. Ba4 Nf6 5. O-O b5 6. Bb3 Bb7 7. Ng5 d5 8. exd5
Nd4 9. Re1 Be7 10. Nc3 Nxb3 11. axb3 O-O 12. Nf3 b4 13. Ne4 Nxe4 14. Rxe4 f6
15. d3 Bxd5 16. Re1 Bd6 17. Nd2 f5 18. Nc4 Bxc4 19. bxc4 c5 20. Qf3 e4 21. dxe4
fxe4 22. Qxe4 Kh8 23. Be3 Qf6 24. Rad1 Rae8 25. Qd5 Rxe3 26. fxe3 Bxh2+ 27.
Kxh2 Qh4+ 28. Kg1 Qf2+ 29. Kh2 Qh4+ 1/2-1/2